000 01084nam a22003137a 4500
003 CHAP
005 20220329133845.0
008 971013s1986 mx r 00010 spa d
010 _a11864
011 _a12836
035 _a16553
040 _cCHAP
090 _aTesis
100 0 0 _aSánchez Enciso, Pablo Jesús.
_9107487
245 1 0 _aVirosis del haba (Vicia faba L.) en Chapingo, Méx.
_c/por Pablo Jesús Sánchez Enciso
260 _aChapingo, Méx. :
_bEl autor,
_c1986
300 _a53 h. :
_bilus.
502 _aTesis (Ing. Agr. Esp. en Parasitología Agrícola) -- UACH. Departamento de Parasitología Agrícola
590 _aALEPH
_b10
_c20130110
_lUCH01
_h1230
590 _aBATCH-UPD
_b10
_c20130110
_lUCH01
_h0230
590 _aBATCH-UPD
_b10
_c20130110
_lUCH01
_h2320
590 _aBATCH-UPD
_b10
_c20130410
_lUCH01
_h1611
590 _aBATCH-UPD
_b10
_c20130914
_lUCH01
_h1559
590 _aCONVERSION
_b10
_c20130109
_lUCH01
_h1308
650 0 4 _aHaba
_xEnfermedades por virus.
_952103
901 _aBK
942 _cTESIS
949 _bBC
_cTES
_d-136546
_eTS1
_h17693
_i16553
_si
999 _c11864
_d11864